• 首页
  • 本馆介绍
  • 公告通知
  • 最新文献
  • 馆藏检索
  • 电子资源
  • 读者导购
  • 参考咨询
  • 我的图书馆
  • 登录
  • 详细信息显示
  • 放入我的书架
  • 预约/预借图书
  • 作者相关作品
  • 分类相关作品
  • 丛书相关作品
  • 出版社相关作品

书目信息

  • 表格格式
  • 工作单格式
  • 卡片格式
题名:
图书馆工作者论说
    
 
作者: 吴春来 , 贾洪生 主编
分册: 下册  
出版信息: 北京   中国华侨出版社  1996
页数: 263-557页
开本: 20cm
丛书名:
单 册:
中图分类: G251.6
科图分类:
主题词: 图书馆学 , 图书馆事业
电子资源:
ISBN:
000 00670nam0 2200229 450
001 0754266812
005 20070923150651.62
010    @dCNY7.30
100    @a20070923d1996 km y0chiy0120 ea
101 0  @achi
102    @aCN@b110000
102    @aCN@b110000
200 1  @a图书馆工作者论说@Atu shu guan gong zuo zhe lun shuo@h下册@f吴春来,贾洪生主编@Fwu chun lai,jia hong sheng zhu bian
210    @a北京@c中国华侨出版社@d1996
215    @a263-557页@d20cm
606 0  @a图书馆学
606 0  @a图书馆事业
690    @aG251.6@v3
701  0 @a吴春来@Awu chun lai@4主编
701  0 @a贾洪生@Ajia hong sheng@4主编
801  0 @aCN@bPFT@c20070923
905    @a10447@dG251.6@e24:2
    
    图书馆工作者论说.下册/吴春来,贾洪生主编.-北京:中国华侨出版社,1996
    263-557页;20cm
    
    
    ISBN :CNY7.30
    
●
相关链接 在E读中查询图书 在五车中查询图书 在当当中查询图书 在豆瓣中查询图书


正题名:图书馆工作者论说     索取号:G251.6/24:2         预约/预借

序号 登录号 条形码 馆藏地/架位号 状态 备注
1 0624580   206245801   第一样本阅览室/ [索取号:G251.6/24:2] 在馆    
唐山师范学院图书馆 欢迎您!
大连网信软件有限公司© 版权所有